00429nam a2200181Ia 4500001000700000003000500007008004100012010001100053020001800064040000900082082001100091100001500102245004100117260005100158300001100209503000800220650001900228Z_5761CHAP220113s2008 xx 000 0 und d a168867 a968-5146-07-1 cCHAP a830 F7 aFrank, Ana aEl diario de Ana Frank /cAna Frank aMéxico, D. F. :b Ediciones leyenda,c2008 a236 p. ac/e aNovela alemana